| 000 | 00787nam a2200241 a 4500 | ||
|---|---|---|---|
| 001 | BRCA_3957 | ||
| 005 | 20190320204506.0 | ||
| 008 | 130110s1963----gw-a######---#000-0#ger-# | ||
| 041 | _ager | ||
| 044 | _agw | ||
| 050 | 4 |
_aNK2240 _b.F46 1963 |
|
| 100 | 1 |
_aFerber, Elfriede _910288 |
|
| 245 | 1 | 0 |
_aUllstein Möbelbuch _beine Stilkunde mit praktischen Rats chlägen für den Kauf antiker Mobel und einer Erläuterung der wichtigsten Fachausdrücke _cElfriede Ferber. |
| 260 |
_aBerlín _bUllstein _c1963 |
||
| 300 |
_a182 p. _bil. _c23 cm. |
||
| 500 | _aCDE21 | ||
| 504 | _aIncluye referencias bibliográficas | ||
| 650 | 1 | 4 |
_aMuebles _xColeccionistas y colecciones _910289 |
| 650 | 1 | 4 |
_aMuebles _xHistoria _94173 |
| 650 | 1 | 4 |
_aMuebles _vManuales _910290 |
| 902 | _aGFM | ||
| 942 |
_2lcc _cB |
||
| 999 |
_c3684 _d3684 |
||